=LDR 00000nam 2200000 4500 =001 INLIS000000000006578 =005 20251111102249 =035 ##$$a 0010-1125000452 =007 ta =008 251111###########################0#ind## =082 ##$$a 305.42 =084 ##$$a 305.42 BAD a =100 #$$a Badan Koordinasi Keluarga Berencana Nasional =245 1#$$a Address Of The Honorable Sarah Weddington, Co-Chairperson, Us Delegation, The World Conference Of Un Decade For Women /$c Badan Koordinasi Keluarga Berencana Nasional =260 ##$:$b Badan Koordinasi Keluarga Berencana Nasional,$c 1980 =300 ##$$a 5 Hal : $b Ilus ; $c 21 =650 #4$$a Keluarga Berencana =856 ##$$a Perpustakaan Kemendukbangga